The legal framework for the management of animal genetic resources
সংরক্ষণ করুন:
| প্রধান লেখক: | |
|---|---|
| বিন্যাস: | গ্রন্থ |
| ভাষা: | Undetermined |
| প্রকাশিত: |
Rome
FAO
2005
|
| বিষয়গুলি: | |
| ট্যাগগুলো: |
ট্যাগ যুক্ত করুন
কোনো ট্যাগ নেই, প্রথমজন হিসাবে ট্যাগ করুন!
|
| Thư viện lưu trữ: | Trung tâm Học liệu Trường Đại học Cần Thơ |
|---|
| LEADER | 00601nam a2200193Ia 4500 | ||
|---|---|---|---|
| 001 | CTU_104469 | ||
| 008 | 210402s9999 xx 000 0 und d | ||
| 082 | |a 636.0821 | ||
| 082 | |b I.54 | ||
| 100 | |a Ingrassia, Antonella | ||
| 245 | 4 | |a The legal framework for the management of animal genetic resources | |
| 245 | 0 | |c Antonella Ingrassia, Daniele Manzella, Elzbieta Martyniuk | |
| 260 | |a Rome | ||
| 260 | |b FAO | ||
| 260 | |c 2005 | ||
| 650 | |a Livestock,Genetic resources conservation | ||
| 650 | |x Germplasm resources | ||
| 904 | |i Minh | ||
| 980 | |a Trung tâm Học liệu Trường Đại học Cần Thơ | ||